000 00402nam a2200145Ia 4500
008 151021s9999 xx 000 0 und d
020 _a7063530
050 _aBF 121 .S2642 2005
245 _a_Psychology Essentias 2 John W.Santrock
260 _aNewYork McGraw hill 2005
300 _axviii,547p.;ill
500 _aIncludes index.
650 _a_Psychology
980 _a^d20120312 10:34:11^oanne
999 _c8954
_d8954